[Event "Titled Tue 19th Aug Late"]
[Site "chess.com INT"]
[Date "2025.08.19"]
[Round "9"]
[White "Nakamura,Hi"]
[Black "Xue,Haowen"]
[Result "1-0"]
[WhiteElo "2807"]
[BlackElo "2535"]

1.d4 Nf6 2.Bg5 d5 3.Nd2 c5 4.dxc5 e6 5.e3 Bxc5 6.Bd3 Nbd7 7.Ngf3 Be7 8.O-O O-O
9.c4 h6 10.Bh4 b6 11.Qe2 Nc5 12.Bc2 Ba6 13.Rfd1 Rc8 14.Rac1 Qe8 15.b4 Na4
16.b5 Bxb5 17.cxb5 Nc3 18.Qd3 Nxd1 19.Bxf6 Rxc2 20.Qxc2 Nxe3 21.fxe3 Bxf6
22.a4 Qe7 23.Qb3 g5 24.Nd4 g4 25.Nc6 Qd6 26.Qb4 Qxb4 27.Nxb4 Bg5 28.Kf2 d4
29.Ke2 Bxe3 30.Rc7 Bf4 31.Rxa7 Rd8 32.Ne4 f5 33.Nf6+ Kf8 34.Nd7+ Ke8 35.Nxb6 e5
36.N6d5 Bxh2 37.Re7+ Kf8 38.Rh7 Kg8 39.Nf6+  1-0

[Event "Titled Tue 19th Aug Late"]
[Site "chess.com INT"]
[Date "2025.08.19"]
[Round "10"]
[White "Ahmad,Khagan"]
[Black "Nakamura,Hi"]
[Result "0-1"]
[WhiteElo "2449"]
[BlackElo "2807"]

1.Nf3 d5 2.d4 e6 3.c4 Nf6 4.g3 Bb4+ 5.Bd2 Be7 6.Bg2 c6 7.Qc2 O-O 8.O-O Ne4
9.Be3 Nd7 10.Nbd2 f5 11.Ne1 Nd6 12.Nd3 g5 13.f3 h5 14.Bf2 g4 15.c5 Nf7 16.h3 Nf6
17.Ne5 Kg7 18.b4 Bd7 19.Nxf7 Rxf7 20.Be3 Qc8 21.Bf4 Bd8 22.hxg4 hxg4 23.fxg4 Nxg4
24.Bf3 Nf6 25.Kf2 a5 26.Rh1 axb4 27.Rh3 Bc7 28.Rah1 Qb8 29.e3 Ra3 30.Bh6+ Kg8
31.Bf4 Kg7 32.Bh6+ Kg8 33.Bg5 Nh7 34.Bf4 Rg7 35.Qb2 Bxf4 36.gxf4 Qa8 37.Ra1 Be8
38.Qxb4 Rxa2 39.Rxa2 Qxa2 40.Ke2 Qa6+ 41.Kf2 Nf6 42.Rh6 Bg6 43.Be2 Qa2 44.Rh1 Be8
45.Rb1 Rh7 46.Qb2 Rh2+ 47.Ke1 Rh1+ 48.Bf1 Qa5 49.Ke2 Rh2+ 50.Kd1 Ne4 51.Qb4 Qxb4
52.Rxb4 Rxd2+ 53.Ke1 Ra2 54.Rxb7 Ra1+ 55.Ke2 Bh5+ 56.Kd3 Ra2 57.Rb8+ Kg7  0-1

[Event "Titled Tue 19th Aug Early"]
[Site "chess.com INT"]
[Date "2025.08.19"]
[Round "10"]
[White "Nakamura,Hi"]
[Black "Shimanov,A"]
[Result "1-0"]
[WhiteElo "2807"]
[BlackElo "2578"]

1.Nf3 d5 2.g3 Bg4 3.Bg2 Nd7 4.d3 Ngf6 5.Nbd2 c6 6.e4 dxe4 7.dxe4 e5 8.Qe2 Bc5
9.h3 Bh5 10.O-O O-O 11.Nb3 Bb6 12.a4 a5 13.c3 Qc7 14.Rd1 Nc5 15.Nxc5 Bxc5
16.Bg5 Nd7 17.Qc4 Ba7 18.b4 axb4 19.cxb4 Bxf3 20.Bxf3 Bd4 21.Ra2 Rxa4 22.Rxa4 b5
23.Qa2 bxa4 24.Qxa4 c5 25.Rc1 Qb7 26.b5 Nb6 27.Qa6 Qc7 28.Qa2 c4 29.Bd2 c3
30.Be1 Qc5 31.Be2 Rc8 32.Bd3 h6 33.Kg2 Ra8 34.Qe2 Ra3 35.h4 Rb3 36.Qf3 Rb2
37.h5 Nc4 38.Ra1 Nd6 39.Rc1 Nc4 40.Kh3 Nd6 41.Be2 Qc8+ 42.Kg2 Qc5 43.Bxc3 Bxc3
44.Rxc3 Qd4 45.Rd3 Qxe4 46.Rxd6 Qxe2 47.Rd8+  1-0

[Event "Titled Tue 19th Aug Late"]
[Site "chess.com INT"]
[Date "2025.08.19"]
[Round "11"]
[White "Nakamura,Hi"]
[Black "Erigaisi,Arjun"]
[Result "0-1"]
[WhiteElo "2807"]
[BlackElo "2776"]

1.e4 e5 2.Bc4 Nc6 3.d3 Nf6 4.Nc3 Bb4 5.Bd2 Bxc3 6.Bxc3 d5 7.Bb5 Bd7 8.Qe2 O-O
9.Bxc6 Bxc6 10.f3 Qd6 11.Nh3 Bd7 12.Nf2 d4 13.Bd2 c5 14.O-O Rfe8 15.Nh1 b5
16.f4 exf4 17.Bxf4 Qc6 18.Qf2 Ng4 19.Qg3 f6 20.Nf2 Ne5 21.c3 Qd6 22.Rac1 Rac8
23.b3 a5 24.h4 h5 25.Rc2 Kh7 26.Rfc1 dxc3 27.Rxc3 Rc6 28.Rd1 Qd4 29.Rc2 Ng4
30.Kh1 Nxf2+ 31.Qxf2 Rxe4 32.dxe4 Qxd1+ 33.Kh2 Qg4 34.e5 fxe5 35.Bxe5 c4
36.bxc4 bxc4 37.Bc3 Rg6 38.Bxa5 Bc6 39.Bc3 Bxg2 40.Qxg2 Qf4+ 41.Kh3 Qe3+  0-1

[Event "Titled Tue 19th Aug Early"]
[Site "chess.com INT"]
[Date "2025.08.19"]
[Round "11"]
[White "Sarana,A"]
[Black "Nakamura,Hi"]
[Result "1-0"]
[WhiteElo "2691"]
[BlackElo "2807"]

1.d4 b6 2.e4 Bb7 3.Bd3 e6 4.Nf3 d6 5.c4 Nd7 6.Nc3 g6 7.Be3 Bg7 8.Qd2 Ngf6
9.h3 O-O 10.Bg5 Qc8 11.O-O a6 12.Rae1 c5 13.e5 cxd4 14.exf6 dxc3 15.Qxc3 Bh8
16.Nh2 h6 17.Bh4 Ne5 18.Be4 Bxe4 19.Rxe4 Qc6 20.Rfe1 Rac8 21.b3 Qc5 22.Qd2 g5
23.Bxg5 Ng6 24.Bxh6 Rfd8 25.Be3 Qf5 26.Bxb6 d5 27.Bxd8 dxe4 28.Ng4 Qf4 29.Ba5 Rc5
30.Qd8+ Kh7 31.Qd7 Kg8 32.Qe8+ Nf8 33.Bb4  1-0

[Event "Titled Tue 26th Aug Late"]
[Site "chess.com INT"]
[Date "2025.08.26"]
[Round "1"]
[White "Dudzinski,Pa"]
[Black "Nakamura,Hi"]
[Result "0-1"]
[WhiteElo "2191"]
[BlackElo "2807"]

1.e4 g6 2.Nc3 Bg7 3.g3 c5 4.Bg2 Nc6 5.d3 d6 6.Be3 Rb8 7.Qd2 b5 8.f4 b4 9.Nd1 Nf6
10.e5 Nxe5 11.fxe5 Ng4 12.exd6 exd6 13.Nf3 O-O 14.O-O Nxe3 15.Qxe3 Rb7 16.Re1 Be6
17.c4 bxc3 18.bxc3 Re7 19.Qf2 Rfe8 20.Rc1 Bf5 21.Rxe7 Rxe7 22.d4 Bh6 23.Ra1 Qe8
24.Bf1 Bg4 25.h3 Bd7 26.Kh2 Bc6 27.c4 Bg7 28.Rb1 Bxf3 29.Qxf3 Bxd4 30.Nf2 Re6
31.Ng4 h5 32.Nf2 Rf6 33.Qxf6 Bxf6 34.Bd3 Qe3 35.Kg2 Bd4 36.Rf1 Qd2 37.Kf3 Bxf2
38.Rxf2 Qxd3+ 39.Kg2 Qxc4 40.Kg1 Qd4 41.Kg2 Qxf2+ 42.Kxf2 d5 43.Ke3 f6 44.Kf4 Kf7
45.g4 hxg4 46.hxg4 Ke6 47.g5 f5  0-1

[Event "Titled Tue 26th Aug Early"]
[Site "chess.com INT"]
[Date "2025.08.26"]
[Round "1"]
[White "Huschenbeth,N"]
[Black "Nakamura,Hi"]
[Result "0-1"]
[WhiteElo "2591"]
[BlackElo "2807"]

1.e4 g6 2.d4 c6 3.Nc3 d5 4.Nf3 Bg4 5.h3 Bxf3 6.Qxf3 e6 7.Bf4 Bg7 8.O-O-O Nf6
9.Bd3 Qa5 10.Kb1 Nbd7 11.Rhe1 dxe4 12.Nxe4 Nxe4 13.Qxe4 Nf6 14.Qe2 O-O-O
15.Be5 Ne8 16.a3 Rd7 17.c3 Rg8 18.Bc2 Bf8 19.Bg3 Bd6 20.Qf3 Bxg3 21.Qxg3 Nd6
22.Bb3 Rgd8 23.Qf3 Kb8 24.Ka2 Qc7 25.g4 a5 26.h4 Nc8 27.h5 Nb6 28.h6 a4 29.Bc2 Rd5
30.Qf6 R5d7 31.f4 Nd5 32.Qg7 f6  0-1

[Event "Titled Tue 26th Aug Early"]
[Site "chess.com INT"]
[Date "2025.08.26"]
[Round "2"]
[White "Nakamura,Hi"]
[Black "Perez Gormaz,M"]
[Result "1-0"]
[WhiteElo "2807"]
[BlackElo "2381"]

1.b3 d5 2.Bb2 Nf6 3.d3 c5 4.g3 Nc6 5.Nf3 Qc7 6.Nbd2 e5 7.e4 d4 8.Bg2 Be7
9.c3 dxc3 10.Bxc3 Be6 11.Nc4 Nd7 12.Ne3 O-O 13.O-O Rfd8 14.Qe2 Nd4 15.Qb2 b5
16.Rac1 Qb8 17.Nf5 Bf8 18.Ng5 a5 19.Nxe6 fxe6 20.Ne3 a4 21.Bxd4 exd4 22.Nd1 Ne5
23.Qb1 axb3 24.axb3 Ra3 25.f4 Nc6 26.Bh3 Qd6 27.e5 Qd7 28.Nf2 g6 29.Ne4 Be7
30.Rxc5 Nb4 31.Rfc1 Qe8 32.Rc7 Kh8 33.Bxe6 Rda8 34.Rc8 Bd8 35.Rxa8 Rxa8 36.Bh3 Qg8
37.e6 Qg7 38.Nd6 Bf6 39.Bg2  1-0

[Event "Titled Tue 26th Aug Late"]
[Site "chess.com INT"]
[Date "2025.08.26"]
[Round "2"]
[White "Nakamura,Hi"]
[Black "Pliukha,Myhajlo"]
[Result "1-0"]
[WhiteElo "2807"]
[BlackElo "2209"]

1.b3 b6 2.Bb2 Bb7 3.e3 Nf6 4.f4 e6 5.Nf3 Be7 6.Bd3 d6 7.O-O c5 8.Qe2 Ne4
9.Bxg7 Rg8 10.Bb2 Nd7 11.Nc3 Nxc3 12.dxc3 Nf6 13.e4 d5 14.e5 Ne4 15.c4 f5
16.exf6 Bxf6 17.Ne5 Ke7 18.Rad1 Qf8 19.Bxe4  1-0

[Event "Titled Tue 26th Aug Early"]
[Site "chess.com INT"]
[Date "2025.08.26"]
[Round "3"]
[White "Kourkoulos Arditis,Stamatis"]
[Black "Nakamura,Hi"]
[Result "0-1"]
[WhiteElo "2581"]
[BlackElo "2807"]

1.d4 e6 2.Bf4 f5 3.Nf3 Nf6 4.e3 b6 5.h3 Bb7 6.Be2 g6 7.O-O Bg7 8.c4 d6 9.Nc3 O-O
10.Bh2 Nbd7 11.b4 Qe7 12.Rc1 Rac8 13.d5 e5 14.Qa4 a6 15.Ng5 Rfe8 16.Ne6 Bh8
17.Rfd1 c6 18.Qb3 cxd5 19.cxd5 Nf8 20.Nxf8 Kxf8 21.Bg3 Bg7 22.Bh4 Qf7 23.Bxf6 Bxf6
24.b5 a5 25.Na4 Bxd5 26.Qd3 Rxc1 27.Rxc1 Bd8 28.Qd2 Kg7 29.Nc3 Bb7 30.Qxd6 Bc7
31.Qd2 Rd8 32.Qb2 Bb8 33.Rd1 Rxd1+ 34.Bxd1 Qf6 35.Bb3 e4 36.Qd2 Kh6 37.g3 Be5
38.Nd5 Qd6 39.Qd1 a4 40.Bc4 Qc5 41.Nf4 Qxc4 42.Qd7 Qc7 43.Qe6 Kg7 44.h4 Bxf4
45.gxf4 Qf7 46.Qe5+ Kh6 47.Kg2 a3 48.Qb8 Qe7 49.Kg3 Kg7 50.Qa7 Qc7 51.Qxa3 Kf7
52.Qb2 Bd5 53.Qh8 Ke6 54.Qe8+ Kd6 55.Qf8+ Qe7 56.Qc8 Bb7 57.Qc3 Kd7 58.Qd4+ Kc7
59.Qc3+ Kb8 60.Qh8+ Bc8 61.a4 Qc7 62.Qd4 Kb7 63.Qh8 h5 64.Qg8 Qc1 65.Kg2 Qd1
66.Qf7+ Bd7 67.Kh2 Qd2 68.Kg2 Qd1 69.Kh2 Qd6 70.Qg7 Kc7 71.Qc3+ Qc5 72.Qg7 Qc2
73.Kg2 Qxa4 74.Qe5+ Kc8 75.Qh8+ Kb7 76.Qg7 Qxb5 77.Qxg6 Qc6 78.Qxh5 b5 79.Qf7 Qe6
80.Qf8 Qg6+ 81.Kh2 Qg4 82.Qe7 Kc6 83.Qf6+ Kc7 84.Qe7 Qg6 85.Qc5+ Kb7 86.Qd5+ Bc6
87.Qc5 Qh7 88.Kh3 Qg7 89.Qd6 Qg4+ 90.Kh2 Qxh4+ 91.Kg2 Qg4+ 92.Kf1 Qg7 93.Ke2 Qd7
94.Qb4 Bd5 95.Kf1 Bc4+ 96.Kg2 Qg7+ 97.Kh2 Qc7 98.Kg3 Kb6 99.Qb2 Qd6 100.Kh4 b4
101.Kg5 b3 102.Kxf5 Kb5 103.Kxe4 Qd3+ 104.Ke5 Qc2 105.Qa3 b2 106.Kd6 Qd3+
107.Kc7 Qxa3  0-1

[Event "Titled Tue 26th Aug Late"]
[Site "chess.com INT"]
[Date "2025.08.26"]
[Round "3"]
[White "Arslanov,S"]
[Black "Nakamura,Hi"]
[Result "0-1"]
[WhiteElo "2410"]
[BlackElo "2807"]

1.d4 g6 2.h4 Nf6 3.h5 Nxh5 4.g4 Nf6 5.g5 Ne4 6.Bg2 d5 7.Nc3 Bf5 8.Bf4 Bg7
9.f3 Nxc3 10.bxc3 c5 11.e4 Be6 12.Ne2 Nc6 13.e5 Rc8 14.Rb1 Na5 15.Kf2 b6
16.Rh4 Bf5 17.Qh1 Bxc2 18.Rc1 Bf5 19.Rxh7 Kd7 20.Ng3 Be6 21.Bf1 Rxh7 22.Qxh7 Qh8
23.Bb5+ Nc6 24.Rh1 Kc7 25.Ne2 cxd4 26.cxd4 Kb7 27.Bd2 Qf8 28.Be3 Nb4 29.Nf4 Bf5
30.e6 a6 31.Bd7 Rc2+ 32.Kg3 fxe6 33.Bxe6 Rc6 34.Bxf5 gxf5 35.a3 Nc2 36.Bf2 e5
37.Nxd5 Rd6 38.Nb4 Nxb4 39.axb4 exd4 40.Qh3 d3 41.Rd1 Qf7 42.Qf1 Qb3 43.Be3 Be5+
44.Bf4 Bxf4+ 45.Kxf4 Qxb4+ 46.Kg3 Qd4 47.Re1 d2 48.Re7+ Rd7 49.Rxd7+ Qxd7
50.Qd1 Qd4 51.g6 Qd6+ 52.Kf2 Qxg6 53.Qxd2 Qe6 54.Qg5 a5 55.Qg7+ Ka6 56.Qc3 Qd5
57.Kg3 Qd6+ 58.Kf2 Qc5+ 59.Qxc5 bxc5  0-1

[Event "Titled Tue 26th Aug Late"]
[Site "chess.com INT"]
[Date "2025.08.26"]
[Round "4"]
[White "Nakamura,Hi"]
[Black "Aravindh,Chithambaram VR."]
[Result "1/2-1/2"]
[WhiteElo "2807"]
[BlackElo "2723"]

1.d4 Nf6 2.Bg5 d5 3.Nd2 e6 4.e4 h6 5.Bxf6 Qxf6 6.Ngf3 Qd8 7.c3 Be7 8.Bd3 O-O
9.exd5 exd5 10.O-O Nd7 11.Re1 Bd6 12.Nf1 Nf6 13.Ne5 Re8 14.Qf3 c5 15.Ng3 cxd4
16.cxd4 Qb6 17.Nh5 Bxe5 18.Nxf6+ Qxf6 19.Qg3 Bf5 20.dxe5 Qe6 21.Bxf5 Qxf5
22.Rad1 Rad8 23.Qe3 b6 24.Qd4 Re6 25.Re3 Rde8 26.Rde1 Qc2 27.f4 g6 28.R3e2 Qc4
29.Qxc4 dxc4 30.Kf2 b5 31.Rd1 f6 32.Rd5 a6 33.Kf3 fxe5 34.fxe5 R8e7 35.Ke4 Rf6
36.Rd8+ Kf7 37.Kd5 Rf1 38.Rd6 Rd1+ 39.Kc6 Rxd6+ 40.Kxd6 Re6+ 41.Kd5 Re8 42.Rf2+ Ke7
43.e6 Rd8+ 44.Ke5 Rd1 45.Rf7+ Ke8 46.Rg7 Rd2 47.Rxg6 Rxb2 48.Rxh6 Rxa2 49.g4 Re2+
50.Kf6 Rf2+ 51.Ke5 c3 52.Rh8+ Ke7 53.Rh7+ Ke8 54.Rc7 c2 55.g5 Re2+ 56.Kf6 Rf2+
57.Ke5 Re2+ 58.Kf5 Rf2+ 59.Ke4 Re2+ 60.Kd3 Rxh2 61.Ke4 Re2+ 62.Kf5 Rf2+ 63.Ke5 Re2+
64.Kf6 Rf2+ 65.Ke5 b4 66.g6 Re2+ 67.Kf6 Rf2+ 68.Ke5 b3 69.g7 Re2+ 70.Kf6 Rf2+
71.Ke5 Re2+ 72.Kd6 Rd2+ 73.Ke5 Re2+  1/2-1/2

[Event "Titled Tue 26th Aug Early"]
[Site "chess.com INT"]
[Date "2025.08.26"]
[Round "4"]
[White "Nakamura,Hi"]
[Black "Drozdowski,K"]
[Result "1/2-1/2"]
[WhiteElo "2807"]
[BlackElo "2450"]

1.b3 e5 2.Bb2 Nc6 3.e3 d5 4.Bb5 Bd6 5.Ne2 Ne7 6.O-O O-O 7.f4 a6 8.Bxc6 Nxc6
9.Nbc3 d4 10.Ne4 dxe3 11.dxe3 Bg4 12.h3 Bxe2 13.Qxe2 Qh4 14.Kh2 exf4 15.Nxd6 cxd6
16.exf4 d5 17.Rad1 Rad8 18.Qf3 d4 19.Rfe1 Qf6 20.Re4 Rfe8 21.Bxd4 Nxd4 22.Rdxd4 h6
23.Rxe8+ Rxe8 24.Re4 Rd8 25.c4 b6 26.Re2 Qd6 27.Qe4 g6 28.Qe5 Qxe5 29.fxe5 Kf8
30.e6 Re8 31.Kg3 fxe6 32.Kf4 Ke7 33.Rd2 Rf8+ 34.Ke3 Rf1 35.b4 Rc1 36.Kd4 Kd6
37.a3 h5 38.h4 e5+ 39.Kd3 Ke6 40.Rc2 Ra1 41.Rc3 Rd1+ 42.Ke3 Rd4 43.c5 bxc5
44.Rxc5 Kf5 45.Ra5 Rd6 46.g3 Rc6 47.Kd3 Rd6+ 48.Ke3 Rc6 49.Kd2 Ke4 50.a4 Kd4
51.b5 axb5 52.Rxb5 Rc4 53.Ra5 Rb4 54.Ra6 Rb2+ 55.Kc1 Ra2 56.Kb1 Ra3 57.Rxg6 Rxa4
58.Kc2 Ra2+ 59.Kd1 Rg2 60.Rg5 e4 61.Rxh5 Rxg3 62.Ke1 Ke3 63.Kf1 Rf3+ 64.Kg2 Ke2
65.Ra5 Rf8 66.Ra2+ Kd3 67.Ra3+ Kd2 68.Ra2+ Kd3 69.Ra3+ Kd2 70.Ra2+ Kd3  1/2-1/2

[Event "Titled Tue 26th Aug Late"]
[Site "chess.com INT"]
[Date "2025.08.26"]
[Round "5"]
[White "Livaic,Leon"]
[Black "Nakamura,Hi"]
[Result "1/2-1/2"]
[WhiteElo "2550"]
[BlackElo "2807"]

1.e4 e6 2.b3 d5 3.Bb2 d4 4.f4 c5 5.Nf3 Nc6 6.Bb5 Bd7 7.a4 Nf6 8.Qe2 a6 9.Bxc6 Bxc6
10.d3 b6 11.Nbd2 Nd7 12.O-O Bd6 13.f5 e5 14.c3 Qe7 15.Rfc1 Bb7 16.Nc4 Bc7
17.cxd4 exd4 18.b4 O-O 19.bxc5 bxc5 20.a5 Bc6 21.Ba3 Qf6 22.Nb6 Nxb6 23.axb6 Bxb6
24.Bxc5 Bxc5 25.Rxc5 Bb5 26.Ra3 Rfc8 27.Qc2 Qd8 28.h3 g6 29.fxg6 hxg6 30.Rxc8 Rxc8
31.Qb2 Rc3 32.Rxc3 dxc3 33.Qxc3 Qxd3 34.Qb4 Bc6 35.Qb8+ Kg7 36.Qe5+ Kg8 37.Qb8+ Kg7
38.Qe5+ Kg8 39.Qb8+  1/2-1/2

[Event "Titled Tue 26th Aug Early"]
[Site "chess.com INT"]
[Date "2025.08.26"]
[Round "5"]
[White "Dyachuk,Artem"]
[Black "Nakamura,Hi"]
[Result "1/2-1/2"]
[WhiteElo "2298"]
[BlackElo "2807"]

1.e4 g6 2.d4 d6 3.Nc3 a6 4.h4 h6 5.h5 g5 6.f4 gxf4 7.Bxf4 b5 8.a4 b4 9.Nd5 e6
10.Ne3 Bb7 11.Bd3 Nf6 12.Qf3 Nbd7 13.Ne2 c5 14.d5 Qe7 15.Nc4 e5 16.Bh2 Ng8
17.O-O O-O-O 18.Qxf7 Ngf6 19.Qxe7 Bxe7 20.Ng3 Kc7 21.Rae1 Rdg8 22.Na5 Bc8
23.Nc6 Bf8 24.c3 bxc3 25.bxc3 Ng4 26.Nf5 Nxh2 27.Kxh2 Rg5 28.Be2 Rhg8 29.Bf3 Nf6
30.Nfe7 Bxe7 31.Nxe7 Rf8 32.Nxc8 Rxc8 33.Rb1 Rcg8 34.Rb2 Rb8 35.Rxb8 Kxb8
36.Rb1+ Kc7 37.a5 Nd7 38.Be2 c4 39.Rf1 Nc5 40.Rf7+ Kd8 41.Bf3 Na4 42.Rf6 Ke7
43.Rxh6 Nxc3 44.Rh7+ Kd8 45.h6 Rg6 46.Bh5 Rf6 47.Rh8+ Kc7 48.Rh7+ Kb8 49.Rh8+ Kb7
50.Rh7+ Kb8 51.Rh8+ Kb7 52.Rh7+ Kb8  1/2-1/2

[Event "Titled Tue 26th Aug Late"]
[Site "chess.com INT"]
[Date "2025.08.26"]
[Round "6"]
[White "Tang,Andrew"]
[Black "Nakamura,Hi"]
[Result "1-0"]
[WhiteElo "2538"]
[BlackElo "2807"]

1.d4 e6 2.Bf4 f5 3.c4 Nf6 4.a3 b6 5.Nc3 Bb7 6.e3 d6 7.h4 g6 8.h5 Nxh5 9.Rxh5 gxh5
10.Qxh5+ Kd7 11.d5 Bg7 12.dxe6+ Kxe6 13.g4 Bxc3+ 14.bxc3 Qf6 15.Ne2 Kd7 16.gxf5 h6
17.Bg3 Nc6 18.Bh4 Qf8 19.f6 Kc8 20.Nd4 Ne5 21.f4 Qf7 22.Be2 Qxh5 23.Bxh5 Nd7
24.f7 Be4 25.O-O-O Kb7 26.Rg1 Nc5 27.Bf6 Rhf8 28.Bg7 Rfb8 29.Bg4 Ka6 30.Ne6 Nxe6
31.Bxe6 h5 32.f5 h4 33.Rg4 Bd3 34.Rxh4 b5 35.c5 dxc5 36.e4 b4 37.axb4 cxb4
38.cxb4 Kb5 39.e5 a5 40.Bd7+ Kb6 41.e6 Bxf5 42.Rf4 Bh3 43.Bd4+ Kb7 44.b5 Bg2
45.e7  1-0

[Event "Titled Tue 26th Aug Early"]
[Site "chess.com INT"]
[Date "2025.08.26"]
[Round "6"]
[White "Nakamura,Hi"]
[Black "Rustemov,A"]
[Result "1-0"]
[WhiteElo "2807"]
[BlackElo "2525"]

1.Nf3 d5 2.g3 Bf5 3.Bg2 e6 4.c4 c6 5.d3 dxc4 6.dxc4 Qxd1+ 7.Kxd1 Na6 8.Nc3 O-O-O+
9.Bd2 Nf6 10.Kc1 Bc5 11.Rf1 Ng4 12.Be1 Nb4 13.h3 Nf6 14.Nh4 Rd7 15.g4 Bg6
16.Nxg6 hxg6 17.a3 Na6 18.Kc2 Rhd8 19.Rd1 Rxd1 20.Nxd1 Nc7 21.e3 Be7 22.Bc3 Nfe8
23.f4 Bf6 24.Be1 Nd6 25.b3 Na6 26.Nf2 e5 27.Nd3 exf4 28.exf4 Re8 29.Bf3 Ne4
30.b4 Nc7 31.g5 Bd4 32.Ne5 Bxe5 33.fxe5 Nxg5 34.Bg4+ Nce6 35.h4 Ne4 36.Rxf7 Kd8
37.Kd3 N4c5+ 38.bxc5  1-0

[Event "Titled Tue 26th Aug Late"]
[Site "chess.com INT"]
[Date "2025.08.26"]
[Round "7"]
[White "Nakamura,Hi"]
[Black "Munoz,Francisco Javier"]
[Result "1-0"]
[WhiteElo "2807"]
[BlackElo "2389"]

1.b3 e5 2.Bb2 Nc6 3.e3 Nf6 4.Bb5 Bd6 5.Na3 a6 6.Bxc6 dxc6 7.Nc4 Qe7 8.Ne2 O-O
9.O-O b5 10.Nxd6 cxd6 11.Ng3 a5 12.a4 b4 13.f4 e4 14.Bxf6 gxf6 15.f5 Kh8
16.Qh5 d5 17.Qh6 Ba6 18.Nh5 Rg8 19.Nxf6 Rg7 20.Rf4 Qe5 21.Re1 Bc8 22.Rg4  1-0

[Event "Titled Tue 26th Aug Early"]
[Site "chess.com INT"]
[Date "2025.08.26"]
[Round "7"]
[White "Bok,B"]
[Black "Nakamura,Hi"]
[Result "1-0"]
[WhiteElo "2587"]
[BlackElo "2807"]

1.d4 Nf6 2.c4 c6 3.Nc3 d5 4.cxd5 Nxd5 5.e4 Nb6 6.Nf3 Bg4 7.Be3 N8d7 8.h3 Bxf3
9.Qxf3 e5 10.Be2 Bd6 11.Rd1 Qe7 12.d5 Bc5 13.O-O O-O 14.Rd2 Bb4 15.dxc6 bxc6
16.Rc1 Rfd8 17.a3 Bc5 18.Bf1 Nf8 19.Nd5 cxd5 20.Bxc5 Qb7 21.exd5 Rac8 22.b4 Nfd7
23.d6 Qxf3 24.gxf3 Nf6 25.Ba6 Rb8 26.Re1 Nbd7 27.Be3 Ne8 28.b5 Nb6 29.Bxb6 axb6
30.Rxe5 Kf8 31.d7 Nc7 32.Bc8 Ra8 33.Rc2 Ne6 34.Rc6 Nd4 35.Rc3 Ra5 36.Rce3 Ne6
37.Kh2 g6 38.Kg3 Ra4 39.f4 Kg7 40.f5 Nd4 41.f6+ Kxf6 42.Re8 Nf5+ 43.Kh2 Rxd7
44.Bxd7 Nxe3 45.Rxe3 Rd4 46.Bc6 Rd2 47.Rf3+ Kg7 48.Kg2 f5 49.Re3 Ra2 50.Re7+ Kf6
51.Rb7 h5 52.Rxb6 Rxa3 53.Be8+ Ke5 54.Bxg6  1-0

[Event "Titled Tue 26th Aug Early"]
[Site "chess.com INT"]
[Date "2025.08.26"]
[Round "8"]
[White "Nakamura,Hi"]
[Black "Alonso Rosell,A"]
[Result "1-0"]
[WhiteElo "2807"]
[BlackElo "2536"]

1.d4 Nf6 2.Bg5 c5 3.d5 d6 4.c4 g6 5.Nc3 Bg7 6.e4 O-O 7.Qd2 e6 8.f3 exd5 9.cxd5 h6
10.Be3 Nbd7 11.Nh3 Ne5 12.Nf2 g5 13.h4 g4 14.Bxh6 Nh5 15.Bxg7 Kxg7 16.f4 Ng6
17.f5 Ne5 18.O-O-O Kh7 19.Qe3 Rg8 20.Kb1 a6 21.Ne2 Qf6 22.Nf4 Nxf4 23.Qxf4 Bd7
24.Be2 Bb5 25.Bxg4 Nc4 26.Qc1 Rae8 27.Bf3 Ne5 28.Nh3 Kg7 29.Ng5 Rh8 30.Qc2 c4
31.Qc3 Rc8 32.Be2 Ba4 33.Rdf1 b5 34.Rh3 b4 35.Qxb4 Bb5 36.Rg3 Kf8 37.a4 c3
38.axb5 c2+ 39.Kc1 axb5 40.Nf3 Nd7 41.Qd4 Nc5 42.Qe3 Qe7 43.Nd4 Qxe4 44.Qxe4 Nxe4
45.Re3 Nc5 46.Nxc2 b4 47.Kb1 Rxh4 48.f6 b3 49.Na3 Na4 50.Rxb3 Rd4 51.Rc1 Re8
52.Bb5 Nc5 53.Rxc5  1-0

[Event "Titled Tue 26th Aug Late"]
[Site "chess.com INT"]
[Date "2025.08.26"]
[Round "8"]
[White "Nakamura,Hi"]
[Black "Msellek,I"]
[Result "1-0"]
[WhiteElo "2807"]
[BlackElo "2406"]

1.b3 e5 2.Bb2 Nc6 3.e3 d5 4.Bb5 Ne7 5.Bxe5 a6 6.Bxc6+ Nxc6 7.Bb2 Qg5 8.Kf1 Bf5
9.Nf3 Qh5 10.d4 Bd6 11.a3 O-O-O 12.Nbd2 f6 13.c4 dxc4 14.Nxc4 Rhe8 15.Rc1 Kb8
16.b4 g5 17.Kg1 g4 18.Nfd2 Qg6 19.Qb3 Na7 20.a4 h5 21.b5 axb5 22.axb5 Nc8
23.Ba3 h4 24.Bxd6 Nxd6 25.Nxd6 Rxd6 26.Qa4 g3 27.hxg3 hxg3 28.f3 Rxe3 29.Ra1 Kc8
30.Nc4 Qe8 31.Nxd6+ cxd6 32.Rh8 Qxh8 33.Qa8+ Kc7 34.Qxh8  1-0

[Event "Titled Tue 26th Aug Early"]
[Site "chess.com INT"]
[Date "2025.08.26"]
[Round "9"]
[White "Henriquez Villagra,C"]
[Black "Nakamura,Hi"]
[Result "1-0"]
[WhiteElo "2592"]
[BlackElo "2807"]

1.e4 c5 2.Nf3 e6 3.d4 cxd4 4.Nxd4 a6 5.Bd3 Nf6 6.Qe2 Bc5 7.Nb3 Ba7 8.e5 Nd5
9.c4 Ne7 10.Nc3 Nbc6 11.Ne4 Bb8 12.Nd6+ Bxd6 13.exd6 Ng6 14.h4 O-O 15.Bxg6 fxg6
16.h5 Qf6 17.Be3 g5 18.h6 gxh6 19.O-O-O b5 20.Nc5 bxc4 21.Qxc4 Rb8 22.Rd2 Rb4
23.Qc2 Na5 24.b3 Nc6 25.Kb1 a5 26.Qb2 Qg6+ 27.Ka1 h5 28.Qc3 h6 29.Rc1 h4
30.Na4 Bb7 31.Nc5 Rf7 32.a3 Rb5 33.Qc4 Rxc5 34.Qxc5 Kh7 35.Qb6 Ba8 36.Qa6 Qg7+
37.Ka2 Rf8 38.Qb6 Ne5 39.Bd4 g4 40.Qxa5 Bd5 41.Re1 Rb8 42.Bxe5 Qg5 43.Rxd5 exd5
44.Qxd5 Qf5 45.Re2 h3 46.gxh3 gxh3 47.f4 Rc8 48.a4 Rc1 49.Ka3 Rg1 50.Rh2 Rg3
51.a5 Rd3 52.Qc4 Rg3 53.a6 Qf8 54.a7 Qb8 55.axb8=Q  1-0

[Event "Titled Tue 26th Aug Late"]
[Site "chess.com INT"]
[Date "2025.08.26"]
[Round "9"]
[White "Ibarra Jerez,JC"]
[Black "Nakamura,Hi"]
[Result "0-1"]
[WhiteElo "2545"]
[BlackElo "2807"]

1.e4 c5 2.d4 cxd4 3.Qxd4 e6 4.Nc3 Nc6 5.Qd3 Nf6 6.Bf4 d5 7.exd5 exd5 8.O-O-O Be6
9.Nf3 Rc8 10.Kb1 Qd7 11.Ne5 Qd8 12.f3 Bd6 13.Nxc6 bxc6 14.Bxd6 Qxd6 15.Ne4 Nxe4
16.fxe4 O-O 17.Be2 Qe5 18.exd5 cxd5 19.Qd2 d4 20.Rhe1 Qc5 21.Bf3 Rfd8 22.Be4 Rb8
23.Rf1 g6 24.Rde1 a5 25.Rf3 a4 26.Ka1 Rb6 27.Rd1 Qe5 28.Re1 Qxh2 29.Rd3 Qd6
30.c3 Qb8 31.Rxd4 Rc8 32.Bd5 a3 33.b3 Bxd5 34.Rxd5 Rf6 35.Rde5 Rf8 36.c4 Qc7
37.Kb1 Rf1 38.Rxf1 Qxe5 39.Re1 Qf5+ 40.Qc2 Qa5 41.Rc1 Qc5 42.Qc3 Re8 43.b4 Rb8
44.b5 h5 45.Rd1 Re8 46.Rd2 Kh7 47.Kc2 Re4 48.Kb3 h4 49.Rd3 Rg4 50.Rd8 f6
51.Rd7+ Kh6 52.Qd2+ g5 53.Qc3 Rg3 54.Rd3 Rxd3 55.Qxd3 g4 56.Qd2+ Kg6 57.Qd3+ f5
58.Qd5 Qxd5 59.cxd5 h3 60.gxh3 g3 61.b6 g2 62.b7 g1=Q  0-1

[Event "Titled Tue 26th Aug Early"]
[Site "chess.com INT"]
[Date "2025.08.26"]
[Round "10"]
[White "Papasimakopoulos,Alexandros"]
[Black "Nakamura,Hi"]
[Result "0-1"]
[WhiteElo "2361"]
[BlackElo "2807"]

1.Nf3 g6 2.d4 Bg7 3.g3 d6 4.Bg2 Bd7 5.c4 Na6 6.Nc3 c5 7.O-O Nf6 8.b3 O-O
9.Bb2 cxd4 10.Nxd4 Nc5 11.e4 a6 12.h3 e5 13.Nc2 Bc6 14.Re1 Qc7 15.Qd2 Rad8
16.Rad1 h5 17.Rc1 h4 18.g4 Ne6 19.Nd5 Bxd5 20.cxd5 Nf4 21.Ne3 Qe7 22.Rc2 Nh7
23.f3 Ng5 24.Kh2 Qf6 25.Qf2 Nd3 26.Qe2 Nxe1 27.Qxe1 Nxf3+ 28.Bxf3 Qxf3 29.Ng2 Rc8
30.Re2 Bh6 31.Qf2 Qxf2 32.Rxf2 Bg5 33.Ba3 Rfd8 34.Re2 Rc3 35.Bb4 Rc1 36.Be1 Rdc8
37.Bb4 R8c2 38.Rxc2 Rxc2 39.Bxd6 Bf4+ 40.Kg1 Bg3 41.Kf1 Rf2+ 42.Kg1 Rxa2
43.Kf1 Rf2+ 44.Kg1 Rb2 45.Kf1 Rxb3 46.Be7 Rb1+ 47.Ke2 Rb2+ 48.Kf1 Rf2+ 49.Kg1 Rf3
50.d6 Bf2+ 51.Kh2 Rd3 52.Bf6 Bg3+ 53.Kg1 Rd1+ 54.Ne1 Rxe1+  0-1

[Event "Titled Tue 26th Aug Late"]
[Site "chess.com INT"]
[Date "2025.08.26"]
[Round "10"]
[White "Nakamura,Hi"]
[Black "Bluebaum,M"]
[Result "1-0"]
[WhiteElo "2807"]
[BlackElo "2660"]

1.c4 e6 2.Nf3 d5 3.e3 Nf6 4.Nc3 Bd6 5.d4 O-O 6.Bd2 dxc4 7.Bxc4 Nc6 8.O-O e5
9.h3 a6 10.a3 h6 11.Qc2 Bd7 12.Rfd1 Qc8 13.Nd5 Nxd5 14.Bxd5 exd4 15.exd4 Ne7
16.Bb3 Bxh3 17.gxh3 Qxh3 18.Qc3 Qg4+ 19.Kf1 Ng6 20.Ne5 Bxe5 21.dxe5 Qh5 22.Bd5 Nxe5
23.Bf4 Ng6 24.Bg3 c6 25.Bf3 Qh3+ 26.Bg2 Qh5 27.Rd7 Rad8 28.Rxb7 Rfe8 29.Qf3 Qxf3
30.Bxf3 Re6 31.Rc1 Ne7 32.Rb6 Nf5 33.Bc7 Rd2 34.Rbxc6 Rxc6 35.Bxc6 Rxb2 36.Be4 Nd4
37.Be5  1-0

[Event "Titled Tue 26th Aug Late"]
[Site "chess.com INT"]
[Date "2025.08.26"]
[Round "11"]
[White "Caruana,F"]
[Black "Nakamura,Hi"]
[Result "1/2-1/2"]
[WhiteElo "2784"]
[BlackElo "2807"]

1.c4 e5 2.d3 Nf6 3.Nf3 c6 4.g3 Bb4+ 5.Nbd2 Qe7 6.Bg2 d5 7.a3 Bd6 8.e4 dxe4
9.Nxe4 Nxe4 10.dxe4 a5 11.b3 O-O 12.O-O Rd8 13.Qc2 Bg4 14.Bg5 f6 15.Be3 Bxa3
16.c5 Bb4 17.Nh4 Nd7 18.Rfc1 g6 19.Nf3 Nf8 20.Ne1 Be6 21.Nd3 Bf7 22.Nxb4 axb4
23.Rxa8 Rxa8 24.Qd2 Bxb3 25.Qxb4 Bf7 26.Rb1 Rb8 27.h4 h5 28.Rd1 Kg7 29.Rd6 Ra8
30.Qd2 Be6 31.Kh2 Nd7 32.Bf1 Ra2 33.Qd1 Nf8 34.Qb1 Ra8 35.Qd1 Rc8 36.Qd2 Kf7
37.Be2 Rc7 38.Qb4 Rd7 39.Bf1 Rxd6 40.cxd6 Qd7 41.Bc5 Kg7 42.Qb6 Bg4 43.Bc4 Be6
44.Bf1 Bf7 45.Bh3 Be6 46.Bf1  1/2-1/2

[Event "Titled Tue 26th Aug Early"]
[Site "chess.com INT"]
[Date "2025.08.26"]
[Round "11"]
[White "Nakamura,Hi"]
[Black "Schnaider,Ilan"]
[Result "1-0"]
[WhiteElo "2807"]
[BlackElo "2386"]

1.e4 e5 2.Bc4 Nf6 3.d3 Nc6 4.Nc3 Bb4 5.Bd2 O-O 6.Nge2 d6 7.O-O Be6 8.Bg5 h6
9.Bxf6 Qxf6 10.Nd5 Bxd5 11.Bxd5 Bc5 12.Kh1 Ne7 13.Bb3 Ng6 14.c3 a5 15.f4 exf4
16.d4 Bb6 17.g3 Qe7 18.Qd3 Rae8 19.Nxf4 Qg5 20.Rae1 Kh8 21.h4 Qg4 22.Kh2 c5
23.Ba4 Rb8 24.Nd5 Bd8 25.Bd1 Qd7 26.h5 Ne7 27.Nf4 cxd4 28.cxd4 Nc6 29.a3 Bf6
30.e5 dxe5 31.Bc2 e4 32.Qxe4 g6 33.hxg6 Rfe8 34.g7+ Kxg7 35.Qh7+ Kf8 36.Ng6+ fxg6
37.Rxf6+  1-0